A-Z: Answers containing "ark" - Statistics

General Stats
  • This quiz has been taken 21 times
  • The average score is 12 of 26
Answer Stats
Initial Clue Answer % Correct
A US state Arkansas
100%
B The outer part of a tree trunk Bark
100%
H An old-fashioned word meaning to listen Hark
85%
P Hooded winter coat, a word which comes from the Siberian language Nenets Parka
85%
S Twinkle, glitter Sparkle
80%
D Get off a boat or plane Disembark
70%
Q Tiny particle which everything is made of Quark
70%
C Tennessee city mentioned in a Monkees song Clarksville
65%
N Large New York suburb, and also a town in Nottinghamshire Newark
65%
W A faint design made in some paper during manufacture that is visible when held against the light and typically identifies the maker Watermark
60%
F A print left on the ground or floor by someone having walked on it Footmark
55%
V Green space in Glasgow named after a queen Victoria Park
50%
O Upland area of the state in answer A Ozarks
45%
E Designate for a particular purpose Earmark
35%
K One of the main cities of Ukraine Kharkiv
35%
M Songbird associated with fields Meadowlark
35%
U Ordinary, not exceptional Unremarkable
35%
R Restart the process of selling a product, branding and advertising it again Remarket
30%
Z Striped relative of the great white Zebra shark
30%
L Scottish county where the Clyde valley is located Lanarkshire
25%
J Surgeon whose surname is used for the name of a neurological disorder that leads to motor symptoms like tremor and slow movement James Parkinson
10%
T A turning manoeuvre in skiing in which the outside ski starts well ahead Telemark
10%
X Marvel Comics superhero film whose subtitle means a black mythical bird X-Men: Dark Phoenix
5%
G Mineral similar to that found at Arksut fjord, Greenland Gearksutite
0%
I Australian eucalyptus with hard, durable wood Ironbark
0%
Y River and town in southern Xinjiang Yarkand
0%
No matching quizzes found
Score Distribution
Percent of People with Each Score
Percentile by Number Answered
Your Score History
You have not taken this quiz